[Event "Harrogate 4NCL op-B 31st"]
[Site "Harrogate"]
[Date "2024.01.20"]
[Round "3"]
[White "Hall, David G"]
[Black "Bielby, Paul R"]
[Result "1-0"]
[WhiteElo "1763"]
[BlackElo "1908"]
[PlyCount "53"]
[EventDate "2024.01.19"]
[EventType "swiss"]
[EventRounds "5"]
[EventCountry "ENG"]
[SourceTitle "CB06_2024"]
[SourceDate "2024.02.07"]
[SourceVersion "1"]
[SourceVersionDate "2024.02.07"]
[SourceQuality "1"]

1. d4 Nf6 2. Nf3 d5 3. c4 e6 4. Nbd2 Be7 5. Qc2 0-0 6. g3 c6 7. Bg2 Nbd7 8. 0-0 b6 9. e4 h6 10. Rd1 Bb7 11. b3 Rc8 12. Bb2 Qc7 13. Rac1 dxe4 14. Nxe4 Nxe4 15. Qxe4 Bf6 16. Ne5 Ba8 17. c5 Bxe5 18. cxb6 axb6 19. dxe5 c5 20. Qe2 Bxg2 21. Kxg2 Rfd8 22. Rd6 Nb8 23. Rcd1 Rxd6 24. exd6 Qd7 25. Qg4 f5 26. Qg6 Nc6 27. Bxg7 1-0

[Event "Harrogate 4NCL op-B 29th"]
[Site "Harrogate"]
[Date "2023.01.22"]
[Round "4"]
[White "Bielby, Paul R"]
[Black "Hall, David G"]
[Result "1-0"]
[WhiteElo "1890"]
[BlackElo "1769"]
[PlyCount "47"]
[EventDate "2023.01.20"]
[EventType "swiss"]
[EventRounds "5"]
[EventCountry "ENG"]
[SourceTitle "CBM 212 Extra"]
[Source "ChessBase"]
[SourceDate "2023.03.31"]
[SourceVersion "1"]
[SourceVersionDate "2023.03.31"]
[SourceQuality "1"]

1. e4 g6 2. d4 Bg7 3. c3 c6 4. Be3 d5 5. e5 Nh6 6. f4 0-0 7. Nf3 Bg4 8. Be2 b5 9. Nbd2 Nd7 10. 0-0 Nb6 11. h3 Bxf3 12. Bxf3 Nc4 13. Nxc4 bxc4 14. b4 e6 15. g4 a5 16. a3 axb4 17. axb4 Rxa1 18. Qxa1 Qa8 19. Qc1 Qd8 20. f5 Qh4 21. f6 Qxh3 22. fxg7 Kxg7 23. Bg2 Qh4 24. Bg5 1-0

[Event "Harrogate 4NCL op-B 27th"]
[Site "Harrogate"]
[Date "2022.01.22"]
[Round "3"]
[White "Hall, David G"]
[Black "Stone, Ian C"]
[Result "0-1"]
[WhiteElo "1844"]
[BlackElo "1701"]
[PlyCount "70"]
[EventDate "2022.01.21"]
[EventType "swiss"]
[EventRounds "5"]
[EventCountry "ENG"]
[SourceTitle "CBM 206 Extra"]
[Source "ChessBase"]
[SourceDate "2022.03.31"]
[SourceVersion "1"]
[SourceVersionDate "2022.03.31"]
[SourceQuality "1"]

1. d4 Nf6 2. Nf3 e6 3. c4 Bb4+ 4. Bd2 Bxd2+ 5. Nbxd2 d5 6. Qc2 h6 7. g3 Nbd7 8. Bg2 0-0 9. 0-0 Re8 10. e4 dxe4 11. Nxe4 Nxe4 12. Qxe4 Nf6 13. Qe2 Rb8 14. Rfd1 Qe7 15. Ne5 Nd7 16. Rd2 Nxe5 17. dxe5 b6 18. Rad1 Rf8 19. b3 Ba6 20. Qe3 Rbd8 21. Bc6 Rxd2 22. Qxd2 Qc5 23. Qd7 Qxe5 24. Qe7 b5 25. Qa3 Qe2 26. Rd7 Bc8 27. Rxc7 e5 28. cxb5 Bh3 29. Qc1 Rd8 30. Bd7 Rxd7 31. Rxd7 Bxd7 32. Kg2 Qxb5 33. Qe3 Qd5+ 34. f3 Bc6 35. Qxa7 Qxf3+ 0-1

[Event "Harrogate 4NCL op 24th"]
[Site "Harrogate"]
[Date "2020.01.17"]
[Round "1"]
[White "Riding, Mick D"]
[Black "Hall, David G"]
[Result "1/2-1/2"]
[WhiteElo "1854"]
[BlackElo "1722"]
[PlyCount "47"]
[EventDate "2020.01.17"]
[EventType "swiss"]
[EventRounds "5"]
[EventCountry "ENG"]
[SourceTitle "CBM 195 Extra"]
[Source "ChessBase"]
[SourceDate "2020.05.31"]
[SourceVersion "1"]
[SourceVersionDate "2020.05.31"]
[SourceQuality "1"]

1. b3 g6 2. Bb2 Nf6 3. Bxf6 exf6 4. c4 f5 5. Nc3 Bg7 6. Rc1 0-0 7. g3 b6 8. Bg2 Nc6 9. e3 Bb7 10. Nge2 Qc8 11. Nd5 Re8 12. 0-0 a5 13. d4 Nb4 14. Nec3 Nxd5 15. cxd5 c6 16. Nb5 Bf8 17. dxc6 dxc6 18. d5 c5 19. Qd3 Qd7 20. Rfd1 Ba6 21. Bf1 Rad8 22. a4 Re5 23. Bg2 Bxb5 24. Qxb5 1/2-1/2

[Event "GBR-ch U1900 op 105th"]
[Site "Hull"]
[Date "2018.07.31"]
[Round "2"]
[White "Horlock, Peter J"]
[Black "Hall, David G"]
[Result "0-1"]
[WhiteElo "1619"]
[BlackElo "1729"]
[PlyCount "100"]
[EventDate "2018.07.30"]
[EventType "swiss"]
[EventRounds "5"]
[EventCountry "ENG"]
[SourceTitle "EXT 2021"]
[Source "ChessBase"]
[SourceDate "2020.10.23"]
[SourceVersion "1"]
[SourceVersionDate "2020.10.23"]
[SourceQuality "1"]

1. e4 g6 2. d4 Bg7 3. Nf3 c6 4. c4 d5 5. cxd5 cxd5 6. exd5 Nf6 7. Nc3 Nxd5 8. Nxd5 Qxd5 9. Be3 0-0 10. Be2 Nd7 11. 0-0 Nf6 12. Nd2 Rd8 13. Bf3 Qb5 14. Qb3 Qxb3 15. Nxb3 Nd5 16. Rad1 b6 17. Bxd5 Rxd5 18. f3 Ba6 19. Rf2 Bc4 20. Nc1 e5 21. b3 Ba6 22. Rfd2 exd4 23. Bf4 d3 24. Nxd3 Bc3 25. Nb4 Rxd2 26. Bxd2 Be2 27. Bxc3 Bxd1 28. Nc6 Kf8 29. Ne5 Rc8 30. Bb4+ Kg7 31. Nd7 Rc1 32. Kf2 Rc8 33. Kg3 Bc2 34. Ba3 Rc6 35. Ne5 Re6 36. Ng4 Bb1 37. Bb2+ f6 38. a3 Bf5 39. Nf2 h5 40. h4 Kf7 41. Nd1 Bc2 42. Nc3 Bxb3 43. Nb5 a6 44. Nd4 Re3 45. Kf4 Rd3 46. g4 Bd1 47. Ke4 Rd2 48. Bc3 Ra2 49. gxh5 gxh5 50. Nf5 Bc2+ 0-1

[Event "Coventry 4NCL op-B 16th"]
[Site "Coventry"]
[Date "2017.11.05"]
[Round "5"]
[White "Hall, David G"]
[Black "Shenbagakumar, Gautham"]
[Result "0-1"]
[WhiteElo "1756"]
[BlackElo "1569"]
[PlyCount "54"]
[EventDate "2017.11.03"]
[EventType "swiss"]
[EventRounds "5"]
[EventCountry "ENG"]
[SourceTitle "CBM 181 Extra"]
[Source "ChessBase"]
[SourceDate "2017.12.12"]
[SourceVersion "1"]
[SourceVersionDate "2017.12.12"]
[SourceQuality "1"]

1. d4 d5 2. c4 dxc4 3. e3 e5 4. Bxc4 Nc6 5. Nc3 exd4 6. exd4 Qxd4 7. Qe2+ Qe5 8. Be3 Bb4 9. Rc1 Nf6 10. Nf3 Qe7 11. 0-0 0-0 12. a3 Ba5 13. Rfe1 Bf5 14. b4 Bb6 15. Qb2 Bxe3 16. Rxe3 Qd6 17. g3 Ng4 18. Ree1 Qh6 19. Nd5 Rae8 20. Rcd1 Be4 21. Qc3 Bxf3 22. Qxf3 Qxh2+ 23. Kf1 Nce5 24. Rxe5 Nxe5 25. Nf6+ gxf6 26. Qxf6 Qh1+ 27. Ke2 Ng4+ 0-1

[Event "Coventry 4NCL op-B 16th"]
[Site "Coventry"]
[Date "2017.11.04"]
[Round "3"]
[White "Hall, David G"]
[Black "Robinson, Brian"]
[Result "0-1"]
[WhiteElo "1756"]
[BlackElo "1593"]
[PlyCount "164"]
[EventDate "2017.11.03"]
[EventType "swiss"]
[EventRounds "5"]
[EventCountry "ENG"]
[SourceTitle "CBM 181 Extra"]
[Source "ChessBase"]
[SourceDate "2017.12.12"]
[SourceVersion "1"]
[SourceVersionDate "2017.12.12"]
[SourceQuality "1"]

1. d4 d5 2. c4 e6 3. Nf3 Nf6 4. Nbd2 Be7 5. g3 0-0 6. Bg2 c6 7. 0-0 Nbd7 8. Qc2 b6 9. e4 dxe4 10. Nxe4 Bb7 11. Rd1 Nxe4 12. Qxe4 Nf6 13. Qe2 Qc7 14. Bf4 Bd6 15. Bxd6 Qxd6 16. Ne5 Qc7 17. c5 b5 18. a4 a6 19. axb5 axb5 20. Bh3 Kh8 21. Bg2 Kg8 22. h4 Rfd8 23. Rxa8 Rxa8 24. h5 h6 25. Bh3 Kh8 26. Qf3 Kg8 27. Bg2 Nd5 28. Qe2 Ra2 29. Bxd5 exd5 30. Rd2 Ra8 31. Kg2 Re8 32. Qf3 Qe7 33. g4 f6 34. Ng6 Qe4 35. Qxe4 Rxe4 36. f3 Re8 37. Kf2 Kf7 38. Re2 Rxe2+ 39. Kxe2 f5 40. b4 Kf6 41. Kf2 Kg5 42. Kg3 fxg4 43. fxg4 Bc8 44. Ne5 Bb7 45. Nf7+ Kf6 46. Nd6 Ba8 47. Kf4 g5+ 48. hxg6 Kxg6 49. Kf3 Kg5 50. Kg3 Kf6 51. Kh4 Kg6 52. Nf5 Bb7 53. Nd6 Ba8 54. Kg3 Kg5 55. Nf7+ Kg6 56. Ne5+ Kg5 57. Kf3 Bb7 58. Kg3 Ba8 59. Nf3+ Kg6 60. Kf4 Kf6 61. g5+ hxg5+ 62. Nxg5 Bb7 63. Nf3 Ba8 64. Nh2 Bb7 65. Ng4+ Ke6 66. Kg5 Ke7 67. Ne5 Ba8 68. Kf5 Bb7 69. Nd3 Bc8+ 70. Ke5 Bd7 71. Nf4 Be8 72. Nxd5+ cxd5 73. Kxd5 Kd7 74. Ke5 Kc7 75. d5 Bd7 76. c6 Bh3 77. Kd4 Kd6 78. c7 Bd7 79. Ke4 Kxc7 80. Ke5 Bh3 81. d6+ Kc6 82. d7 Bxd7 0-1

[Event "Coventry 4NCL op-B 16th"]
[Site "Coventry"]
[Date "2017.11.03"]
[Round "1"]
[White "De Coverly, Roger D"]
[Black "Hall, David G"]
[Result "1-0"]
[WhiteElo "1917"]
[BlackElo "1756"]
[PlyCount "81"]
[EventDate "2017.11.03"]
[EventType "swiss"]
[EventRounds "5"]
[EventCountry "ENG"]
[SourceTitle "CBM 181 Extra"]
[Source "ChessBase"]
[SourceDate "2017.12.12"]
[SourceVersion "1"]
[SourceVersionDate "2017.12.12"]
[SourceQuality "1"]

1. e4 g6 2. d4 Bg7 3. Nc3 c6 4. f4 d5 5. e5 Nh6 6. Nf3 Bg4 7. Be3 0-0 8. h3 Bxf3 9. Qxf3 e6 10. g4 Qb6 11. 0-0-0 Nd7 12. f5 Rfc8 13. h4 exf5 14. Bh3 fxg4 15. Bxg4 Nxg4 16. Qxg4 Nxe5 17. dxe5 Qxe3+ 18. Kb1 Qxe5 19. h5 f5 20. Qg2 Kf7 21. hxg6+ hxg6 22. Rhg1 Qf6 23. Rd3 Re8 24. Nd1 Re6 25. Rg3 Rae8 26. c3 b5 27. a3 R8e7 28. Ka2 a5 29. Qf2 Qe5 30. Ne3 d4 31. Nxf5 Qxf5 32. Rf3 Re2 33. Rxf5+ gxf5 34. Qxf5+ Kg8 35. cxd4 Rd2 36. Qc8+ Kf7 37. Rf1+ Bf6 38. Qxc6 Re6 39. Qd7+ Re7 40. Qd5+ Re6 41. Re1 1-0

[Event "Perth Congress"]
[Site "Perth"]
[Date "2017.02.18"]
[Round "2"]
[White "Orr, Mark JL"]
[Black "Hall, David G"]
[Result "1-0"]
[WhiteElo "2135"]
[BlackElo "1870"]
[PlyCount "61"]
[EventDate "2017.02.17"]
[EventType "swiss"]
[EventRounds "5"]
[EventCountry "SCO"]
[SourceTitle "CBM 176 Extra"]
[Source "ChessBase"]
[SourceDate "2017.03.02"]
[SourceVersion "1"]
[SourceVersionDate "2017.03.02"]
[SourceQuality "1"]

1. c4 g6 2. g3 Bg7 3. Bg2 d6 4. Nc3 c6 5. e4 e5 6. Nge2 f5 7. d4 Nf6 8. dxe5 dxe5 9. Qxd8+ Kxd8 10. b3 Nxe4 11. Nxe4 fxe4 12. Nc3 Bf5 13. Nxe4 Kc7 14. 0-0 Na6 15. Ba3 Rhd8 16. Rad1 Bxe4 17. Bxe4 Rd4 18. Rde1 Rd2 19. Bb1 Rad8 20. h4 b6 21. Bc1 R2d7 22. Bg5 Re8 23. h5 Rd6 24. hxg6 hxg6 25. Kg2 Nc5 26. Rh1 Ne6 27. Rh7 Kb8 28. Be3 Rg8 29. Bxg6 Nf4+ 30. Bxf4 Rxg6 31. Bxe5+ 1-0